| 000 | 00366nam a2200145 a 4500 | ||
|---|---|---|---|
| 001 | 5713 | ||
| 003 | CDMR | ||
| 005 | 20130220082049.0 | ||
| 008 | 130130s ||||||||||||||||||||||||||||d | ||
| 040 |
_aCDMR _bcat _cCPC LLEIDA |
||
| 110 |
_92824 _aMuseu d'art Jaume Morera |
||
| 245 | 0 | _aIglésias del Marquet | |
| 260 |
_aLleida _bMuseu d'Art Jaume Morera |
||
| 942 |
_cMON _2ddc |
||
| 999 |
_c5713 _d5713 |
||